Hematology : (Record no. 1099)
[ view plain ]
| 000 -LEADER | |
|---|---|
| fixed length control field | 01170cam a2200313 a 4500 |
| 001 - CONTROL NUMBER | |
| control field | 2979802 |
| 003 - CONTROL NUMBER IDENTIFIER | |
| control field | OSt |
| 005 - DATE AND TIME OF LATEST TRANSACTION | |
| control field | 20150226133842.0 |
| 008 - FIXED-LENGTH DATA ELEMENTS--GENERAL INFORMATION | |
| fixed length control field | 921113s1993 pauaf b 001 0 eng |
| 010 ## - LIBRARY OF CONGRESS CONTROL NUMBER | |
| LC control number | 92049057 |
| 020 ## - INTERNATIONAL STANDARD BOOK NUMBER | |
| International Standard Book Number | 0812116437 |
| 040 ## - CATALOGING SOURCE | |
| Original cataloging agency | DNLM/DLC |
| Transcribing agency | DLC |
| Modifying agency | DLC |
| 050 00 - LIBRARY OF CONGRESS CALL NUMBER | |
| Classification number | RB45 |
| Item number | .B76 1993 |
| 060 #0 - NATIONAL LIBRARY OF MEDICINE CALL NUMBER | |
| Classification number | WH 25 B877h |
| 082 00 - DEWEY DECIMAL CLASSIFICATION NUMBER | |
| Classification number | WH 25 B77h 1995 |
| Edition number | 20 |
| 100 1# - MAIN ENTRY--PERSONAL NAME | |
| Personal name | Brown, Barbara A. |
| 9 (RLIN) | 2977 |
| 245 10 - TITLE STATEMENT | |
| Title | Hematology : |
| Remainder of title | principles and procedures / |
| Statement of responsibility, etc. | Barbara A. Brown ; [contributors, chapters 2, 6, and color plates, Rouette C. Hunter, chapter 7, Alison O'Hare, chapters 5 and 6, Gloriana Erim]. |
| 250 ## - EDITION STATEMENT | |
| Edition statement | 6th ed. |
| 260 ## - PUBLICATION, DISTRIBUTION, ETC. (IMPRINT) | |
| Place of publication, distribution, etc. | Philadelphia : |
| Name of publisher, distributor, etc. | Lea & Febiger, |
| Date of publication, distribution, etc. | 1993. |
| 300 ## - PHYSICAL DESCRIPTION | |
| Extent | xvii, 452 p., [10] p. of plates : |
| Other physical details | ill. ; |
| Dimensions | 26 cm. |
| 504 ## - BIBLIOGRAPHY, ETC. NOTE | |
| Bibliography, etc | Includes bibliographical references (p. 427-433) and index. |
| 650 #0 - SUBJECT ADDED ENTRY--TOPICAL TERM | |
| Topical term or geographic name as entry element | Blood |
| General subdivision | Examination. |
| 9 (RLIN) | 2978 |
| 650 #0 - SUBJECT ADDED ENTRY--TOPICAL TERM | |
| Topical term or geographic name as entry element | Hematology |
| General subdivision | Technique. |
| 9 (RLIN) | 2979 |
| 650 #2 - SUBJECT ADDED ENTRY--TOPICAL TERM | |
| Topical term or geographic name as entry element | Hematologic Diseases |
| General subdivision | diagnosis |
| -- | laboratory manuals. |
| 9 (RLIN) | 2980 |
| 650 #2 - SUBJECT ADDED ENTRY--TOPICAL TERM | |
| Topical term or geographic name as entry element | Hematology |
| General subdivision | instrumentation |
| -- | laboratory manuals. |
| 9 (RLIN) | 2981 |
| 906 ## - LOCAL DATA ELEMENT F, LDF (RLIN) | |
| a | 7 |
| b | cbc |
| c | orignew |
| d | 1 |
| e | ocip |
| f | 19 |
| g | y-gencatlg |
| 942 ## - ADDED ENTRY ELEMENTS (KOHA) | |
| Source of classification or shelving scheme | Other/Generic Classification Scheme |
| Koha item type | Short Loan |
| Withdrawn status | Lost status | Source of classification or shelving scheme | Damaged status | Not for loan | Home library | Current library | Date acquired | Source of acquisition | Inventory number | Total Checkouts | Full call number | Barcode | Date last seen | Price effective from | Koha item type | Checked out | Date last checked out |
|---|---|---|---|---|---|---|---|---|---|---|---|---|---|---|---|---|---|
| Other/Generic Classification Scheme | MUST Main Library | MUST Main Library | 26/02/2015 | 2004/20785 | WH 25 B77h 1995 | 2015-0387 | 26/02/2015 | 26/02/2015 | Short Loan | ||||||||
| Other/Generic Classification Scheme | MUST Main Library | MUST Main Library | 26/02/2015 | 2004/20786 | 1 | WH 25 B77h 1995 | 2015-0388 | 01/04/2021 | 26/02/2015 | Short Loan | 15/04/2021 | 01/04/2021 | |||||
| Other/Generic Classification Scheme | MUST Main Library | MUST Main Library | 26/02/2015 | 2003/19104 | 3 | WH 25 B77h 1995 | 2015-0389 | 28/02/2023 | 26/02/2015 | Short Loan | 18/07/2022 | ||||||
| Other/Generic Classification Scheme | MUST Main Library | MUST Main Library | 26/02/2015 | 2003/19105 | WH 25 B77h 1995 | 2015-0390 | 26/02/2015 | 26/02/2015 | Short Loan |
